[Event "XLIV Sevilla Open 2019"]
[Site "Sevilla"]
[Date "2019.01.13"]
[Round "3"]
[White "McMahon, Daire"]
[Black "Campora, Daniel H."]
[Result "0-1"]
[WhiteElo "2120"]
[BlackElo "2417"]
[Annotator "TA"]
[PlyCount "102"]
[EventDate "2019.01.11"]
[EventType "swiss"]
[EventCountry "ESP"]
[SourceTitle "playchess.com"]
[Source "ChessBase"]
[SourceQuality "1"]

{[%evp 29,102,11,6,0,0,0,0,0,0,0,0,-2,-4,-18,-13,-15,15,20,27,0,13,-9,-4,-20,-20,0,60,-31,-25,-38,-30,-122,-142,-324,-279,-298,-239,-241,-108,-108,-152,-418,-418,-402,-354,-423,-284,-290,-275,-247,-227,-347,-304,-504,-508,-478,-489,-477,-439,-462,-429,-476,-332,-332,-287,-477,-427,-409,-302,-574,-574,-574,-343,-336,-332]} 1. d4 Nf6 2. c4 e6 3. Nc3 d5 4. cxd5 exd5 5. Bg5 Be7 6. e3 O-O 7. Bd3 Nbd7 {[%cal Bb8d7,Bd7f8,Bf8e6][%mdl 32]} 8. Qc2 Re8 9. Nge2 Nf8 10. O-O c6 11. f3 g6 12. Rad1 Ne6 {D36: Queen's Gambit Declined: Exchange Variation: Main line (5 Bg5 c6 6 Qc2)} 13. Bh4 b5 14. Kh1 (14. Bf2 Bb7 15. Nc1 Rc8 16. Nb3 a6 17. Ne2 c5 18. dxc5 Nxc5 19. Nxc5 Bxc5 20. Qd2 {½-½ (59) Wojtaszek,R (2746)-Buhmann,R (2633) Germany 2016}) 14... Bb7 15. Bf2 Rc8 {LiveBook: 3 Games} 16. Qd2 $146 ({Predecessor:} 16. Qb1 b4 17. Na4 Qa5 18. b3 c5 19. dxc5 Nxc5 20. Nxc5 Bxc5 {0-1 (46) Rios,C (2465)-Matamoros Franco,C (2494) Batumi 2018}) 16... b4 17. Na4 Qa5 18. b3 c5 19. dxc5 Nxc5 20. Nxc5 Bxc5 21. Rfe1 Qb6 {[%cal Rc5e3]} 22. Nd4 Bxd4 23. exd4 a5 24. Qf4 Ba6 {[#] And now ...Rxe1+ would win.} 25. Bxa6 Qxa6 26. Bh4 Rxe1+ 27. Rxe1 Re8 (27... Ne8 $11) 28. Rc1 (28. Rxe8+ $1 $14 Nxe8 29. Kg1) 28... Nh5 $15 29. Qg5 Qe2 30. h3 (30. Rg1 $11) 30... Qxa2 $17 31. g4 $2 (31. Qxd5 $17 Nf4 32. Qg5) 31... Qxb3 32. gxh5 {Black must now prevent Qf6.} Qxf3+ {[%mdl 64] [#] Double Attack} 33. Qg2 Qxg2+ (33... Qxh5 $19 {has better winning chances.} 34. Bg3 a4) 34. Kxg2 $19 {[%mdl 4096] Endgame KRB-KR} b3 35. h6 $2 (35. Bg3 $17) 35... a4 36. Rb1 Ra8 {Hoping for ...a3.} 37. Be1 f6 38. Bb4 g5 39. Ba3 Kf7 {[%mdl 1024] Black has strong compensation.} 40. Rc1 (40. h4 $142) 40... Kg6 41. Rc5 $2 (41. h4) 41... Rb8 42. Bb2 a3 43. Bxa3 {next Bb2 is good for White.} b2 44. Bxb2 Rxb2+ {KR-KR} 45. Kg3 Kxh6 46. Rxd5 Kg6 47. Ra5 $2 (47. h4 {keeps fighting.}) 47... Rb3+ 48. Kg2 h5 {[%cal Bh7h5,Bh5h4][%mdl 32]} 49. Ra8 $2 (49. h4 {was the only defense.}) 49... h4 50. d5 Rd3 51. Rd8 Kf5 {Accuracy: White = 21%, Black = 79%.} 0-1